| 000 | 00370nam a22001337a 4500 | ||
|---|---|---|---|
| 999 |
_c521660 _d521660 |
||
| 008 | 230221b ||||| |||| 00| 0 eng d | ||
| 100 |
_aAhmad, Aijaz _937375 |
||
| 245 | _aFor Bhaisa’ab Taskeen ko hum na royen | ||
| 260 | _aSocial Scientist | ||
| 300 | _a50(3-4), Mar-Apr, 2022: p.71-74 | ||
| 773 | _aSocial Scientist | ||
| 906 | _aSOCIAL CHANGE | ||
| 942 | _cAR | ||